000 00622nam a22001817a 4500
005 20251108164845.0
008 250721s1991 xx 000 0 ara d
082 1 4 _a616.96/سيد
100 1 _aالعوني، السيد الصديق
245 1 0 _aالديدان الشريطية بنيتها التشريحية و آثارها الصحية /
264 1 _aالقاهره :
_bالدار العربية للنشر و التوزيع،
_c1991.
300 _a90ص
650 1 7 _aالديدان
650 1 7 _aالطفيليات
700 1 _aالسنوسي، الزروق مصباح
942 _2ddc
_cBK
999 _c16010
_d16010